000 00887nam a2200253 i 4500
001 bg
100 1 _aParysek, Jerzy Jan
_d(1941- ).
245 0 0 _aWprowadzenie do gospodarki przestrzennej :
_bwybrane aspekty praktyczne /
_cJerzy J. Parysek ; Uniwersytet im. Adama Mickiewicza w Poznaniu.
260 _aPoznań :
_bWydawnictwo Naukowe UAM,
_c2006.
300 _a199 s. ;
_c24 cm.
504 _aBibliogr.
521 8 _aPodręcznik dla studentów uniwersytetów, akademii ekonomicznych, politechnik.
650 9 _aPlanowanie przestrzenne
655 _aPodręczniki akademickie
020 _a8323217130
040 _cBPK
041 0 _apol
044 _apol
080 _a711(075.8)
920 _a83-232-1713-0
942 _cKS
008 s pl f |000 0 pol
999 _c53996
_d53996
856 _uhttp://koha.tu.koszalin.pl/cgi-bin/koha/opac-detail.pl?biblionumber=53996
_yKatalog online BPK